NBA - Que sais-tu sur la vie de ces 4 joueurs ? - Statistiques

Statistiques générales
  • Ce quiz a été pris 55 fois
  • Le résultat moyen est 14 sur 15
Statistiques - réponses
Question Réponse % Correct
Lequel de ces joueurs est le plus agé ? Lebron James
100%
Lequel de ces joueurs est le plus jeune ? Luka Doncic
100%
Lequel de ces joueurs est d'origine slovène ? Luka Doncic
100%
Lequel de ces joueurs n'a jamais changé d’équipe depuis le début de sa carrière ? Stephen Curry
100%
Lequel de ces joueurs a passé 9 saisons aux Houston Rockets ? James Harden
98%
Lequel de ces joueurs fut drafté en 3e position aux Oklahoma City Thunders ? James Harden
98%
Lequel de ces joueurs était numéro 13 aux Brooklyn Nets ? James Harden
98%
Lequel de ces joueurs fut drafté en 2003 ? Lebron James
94%
Lequel de ces joueurs a été drafté en 1ere position ? Lebron James
94%
Lequel de ces joueurs est né en 1999 ? Luka Doncic
92%
Lequel de ces joueurs mesure 1,88 mètres ? Stephen Curry
92%
Lequel de ces joueurs parle 4 langues ? Luka Doncic
88%
Lequel de ces joueurs a pour surnom "The Chosen One" Lebron James
85%
Lequel de ces joueurs a tourné dans un clip de Travis Scott en 2017 ? James Harden
71%
Lequel de ces joueurs est un fan inconditionnel de l’équipe de football des Panthers de la Caroline ? Stephen Curry
46%
Aucun quiz correspondant
Distribution des résultats
% des personnes avec chaque résultat
Percentile par nombre de réponses
Votre historique - résultats
Vous n’avez pas pris ce quiz